000 00948cam a2200337 4500
001 ABS65475
008 020520n2002 000 0 eng u
035 _a(Sirsi) u118041
245 _aFocus 2002: Thames Valley
260 _c2002
490 _aEstates Gazette
_v(0217) 27 April 2002, 73-123(20)
590 _aABS
650 _aTHAMES VALLEY
650 _aBRACKNELL
650 _aBASINGSTOKE
650 _aHEATHROW
650 _aWEST M25
650 _aREADING
650 _aMAIDENHEAD
650 _aSLOUGH
650 _aWINDSOR
650 _aPROPERTY-COMMERCIAL PROPERTY-OFFICE PROPERTY-OFFICE PROPERTY MARKET
650 _aPROPERTY-COMMERCIAL PROPERTY-RETAIL PROPERTY-RETAIL PROPERTY MARKET
650 _aLEISURE MARKET
650 _aINDUSTRIAL MARKET
650 _aTERMINAL 5
650 _aWOKINGHAM
650 _aREDEVELOPMENT
690 _aPROPERTY-COMMERCIAL PROPERTY-COMMERCIAL PROPERTY MARKET
942 _n0
999 _c70284
_d70284